[Event "South Wales op 8th"]
[Site "Penarth"]
[Date "2011.07.13"]
[Round "8"]
[White "Lee, Gudmundur Kristinn"]
[Black "Thomas, Ben"]
[Result "1-0"]
[WhiteElo "1622"]
[BlackElo "1623"]
[PlyCount "81"]
[EventDate "2011.07.09"]
[EventType "swiss"]
[EventRounds "9"]
[EventCountry "WLS"]
[SourceTitle "CBM 143 Extra"]
[Source "ChessBase"]
[SourceDate "2011.08.29"]
[SourceVersion "1"]
[SourceVersionDate "2011.08.29"]
[SourceQuality "1"]

1. e4 e6 2. d4 d5 3. Nd2 c5 4. Ngf3 Nc6 5. Bb5 Qb6 6. Bxc6+ bxc6 7. c3 Ba6 8. exd5 exd5 9. Nb3 Nf6 10. Qc2 Bd6 11. Be3 Ng4 12. 0-0-0 0-0 13. h3 Nxe3 14. fxe3 Rfe8 15. Qf5 f6 16. Rhe1 Re7 17. e4 c4 18. Na1 Rb8 19. Rd2 Ba3 20. Ree2 dxe4 21. Ne1 Bc8 22. Qf4 Re8 23. Kd1 Bd7 24. Rc2 Bf8 25. Rxe4 Rxe4 26. Qxe4 Qa5 27. b3 Bf5 28. Qxc6 Bxc2+ 29. Naxc2 Qxa2 30. bxc4 Rb1+ 31. Kd2 Rxe1 32. Qd5+ Kh8 33. Qd8 Re2+ 34. Kxe2 Qxc2+ 35. Ke3 Qxc3+ 36. Kf2 Qxc4 37. Qxf8+ Qg8 38. Qc5 Qb8 39. d5 Kg8 40. d6 Kf7 41. Qc7+ 1-0

[Event "South Wales op 8th"]
[Site "Penarth"]
[Date "2011.07.12"]
[Round "6"]
[White "Freeland, Alex"]
[Black "Thomas, Ben"]
[Result "1-0"]
[WhiteElo "1748"]
[BlackElo "1623"]
[PlyCount "47"]
[EventDate "2011.07.09"]
[EventType "swiss"]
[EventRounds "9"]
[EventCountry "WLS"]
[SourceTitle "CBM 143 Extra"]
[Source "ChessBase"]
[SourceDate "2011.08.29"]
[SourceVersion "1"]
[SourceVersionDate "2011.08.29"]
[SourceQuality "1"]

1. e4 e6 2. d4 d5 3. Nc3 Bb4 4. e5 c5 5. a3 Ba5 6. Nge2 Nc6 7. f4 cxd4 8. Nxd4 Bxc3+ 9. bxc3 Nge7 10. Bd3 Bd7 11. 0-0 a6 12. Kh1 Nf5 13. Nxf5 exf5 14. Be3 0-0 15. Bd4 Rc8 16. Rb1 b5 17. Qh5 g6 18. Qh6 Nxd4 19. cxd4 Qe7 20. g4 fxg4 21. f5 gxf5 22. Bxf5 Bxf5 23. Rxf5 Rc6 24. Qxc6 1-0

[Event "South Wales op 8th"]
[Site "Penarth"]
[Date "2011.07.11"]
[Round "5"]
[White "Thomas, Ben"]
[Black "Turner, Joseph David"]
[Result "0-1"]
[WhiteElo "1623"]
[BlackElo "1974"]
[PlyCount "70"]
[EventDate "2011.07.09"]
[EventType "swiss"]
[EventRounds "9"]
[EventCountry "WLS"]
[SourceTitle "CBM 143 Extra"]
[Source "ChessBase"]
[SourceDate "2011.08.29"]
[SourceVersion "1"]
[SourceVersionDate "2011.08.29"]
[SourceQuality "1"]

1. e4 e5 2. Nf3 d6 3. Bc4 f5 4. d3 Be7 5. Bxg8 Rxg8 6. Nc3 Nc6 7. Nd5 fxe4 8. dxe4 Bg4 9. Be3 Rf8 10. Qe2 a6 11. h3 Bh5 12. g4 Bg6 13. Bd2 Qd7 14. 0-0-0 0-0-0 15. Bc3 Rf7 16. Rd3 Rdf8 17. Rhd1 Bd8 18. b4 h5 19. Rg1 hxg4 20. hxg4 Nd4 21. Bxd4 exd4 22. b5 Qxb5 23. Nxd4 Qa4 24. f3 Qxa2 25. Kd2 c6 26. Nc3 Qc4 27. Ra1 Bg5+ 28. Kd1 Rh8 29. Qf1 Rh2 30. Nde2 Qe6 31. f4 Bxe4 32. Nxe4 Qxe4 33. Kd2 Rxf4 34. Re3 Rxf1 35. Rxf1 Qxe3+ 0-1

[Event "South Wales op 8th"]
[Site "Penarth"]
[Date "2011.07.11"]
[Round "4"]
[White "Wilen, Eero"]
[Black "Thomas, Ben"]
[Result "1-0"]
[WhiteElo "2098"]
[BlackElo "1623"]
[PlyCount "67"]
[EventDate "2011.07.09"]
[EventType "swiss"]
[EventRounds "9"]
[EventCountry "WLS"]
[SourceTitle "CBM 143 Extra"]
[Source "ChessBase"]
[SourceDate "2011.08.29"]
[SourceVersion "1"]
[SourceVersionDate "2011.08.29"]
[SourceQuality "1"]

1. d4 Nf6 2. c4 g6 3. Nc3 Bg7 4. e4 d6 5. Nf3 Nbd7 6. Be2 0-0 7. 0-0 b6 8. Re1 Bb7 9. Bf1 Rc8 10. h3 c5 11. d5 Ne8 12. Bf4 Qc7 13. Qd2 Ne5 14. Nxe5 Bxe5 15. Bxe5 dxe5 16. Qh6 Nd6 17. Bd3 Rcd8 18. Qe3 Bc8 19. g4 Kh8 20. Rf1 Rg8 21. f4 f6 22. fxe5 fxe5 23. Qg5 Rdf8 24. Qxe5+ Rf6 25. Rxf6 exf6 26. Qxf6+ Rg7 27. Rf1 Ne8 28. Qf8+ Rg8 29. Qf4 Qe7 30. e5 Qh4 31. Kg2 Ng7 32. Ne4 Nh5 33. Qg5 Qxg5 34. Nxg5 1-0

[Event "South Wales op 8th"]
[Site "Penarth"]
[Date "2011.07.10"]
[Round "3"]
[White "Thomas, Ben"]
[Black "Eggleston, David"]
[Result "0-1"]
[WhiteElo "1623"]
[BlackElo "2318"]
[PlyCount "90"]
[EventDate "2011.07.09"]
[EventType "swiss"]
[EventRounds "9"]
[EventCountry "WLS"]
[SourceTitle "CBM 143 Extra"]
[Source "ChessBase"]
[SourceDate "2011.08.29"]
[SourceVersion "1"]
[SourceVersionDate "2011.08.29"]
[SourceQuality "1"]

1. e4 c5 2. Nf3 d6 3. Nc3 Nf6 4. d4 cxd4 5. Nxd4 a6 6. Bd3 e5 7. Nde2 Be7 8. 0-0 0-0 9. Kh1 b5 10. a3 Nbd7 11. f3 Nc5 12. Be3 Bb7 13. Ng3 Nxd3 14. Qxd3 d5 15. exd5 Nxd5 16. Nxd5 Qxd5 17. Rad1 Rfd8 18. Qe2 Qe6 19. Rd2 f5 20. f4 e4 21. Rfd1 g6 22. Nf1 Bd5 23. Bd4 Bc4 24. Qf2 Bxf1 25. Qxf1 Rd7 26. Qe2 Rad8 27. Be5 Kf7 28. Qe3 Rxd2 29. Rxd2 Rxd2 30. Qxd2 Qc4 31. h3 Ke6 32. Kh2 h5 33. b3 Qc6 34. b4 Qc4 35. Qf2 Qc6 36. Qg3 Kf7 37. Qb3+ Qe6 38. Qxe6+ Kxe6 39. Bd4 Kd5 40. Bb2 h4 41. Kg1 Bd6 42. Bf6 Bxf4 43. Bb2 Be5 44. Bc1 Kc4 45. Bd2 Bb2 0-1